000 00303nam a22001097a 4500
008 230627b xxu||||| |||| 00| 0 eng d
082 _a338.1
_bMAR 2001
245 _aNational Policy on Sugar Industry
260 _bMinistry of Agriculture and Rural Development
_c2001
300 _aII,10p
942 _2ddc
_cBK
999 _c2919
_d2919